Southville International School and Colleges
Your cart is empty.
  • Cart
  • Lists
    Public lists Eva Luna New books Lux_list list_1
    Your lists Log in to create your own lists
  • Log in to your account
  • Your cookies
  • Search history
Southville International School and Colleges
  • Advanced search
  • Recent comments
  • Most popular
  • Libraries

Log in to your account

Log in with GOOGLE


If you do not have an external account, but do have a local account, you can still log in:

  1. Home
  2. MARC view: Industrial organization and management /
Normal view MARC view ISBD view

Industrial organization and management / (Record no. 19659)

[ view plain ]
MARC details
000 -LEADER
fixed length control field 00557nam a2200193 a 4500
005 - DATE AND TIME OF LATEST TRANSACTION
control field 20140310183151.0
008 - FIXED-LENGTH DATA ELEMENTS--GENERAL INFORMATION
fixed length control field 021014s19uu xx 00 eng d
020 ## - INTERNATIONAL STANDARD BOOK NUMBER
International Standard Book Number 971082919x
050 ## - LIBRARY OF CONGRESS CALL NUMBER
Classification number HD 31
Item number .B43 1980
100 ## - MAIN ENTRY--PERSONAL NAME
Personal name Bethel, Lawrence
245 ## - TITLE STATEMENT
Title Industrial organization and management /
Statement of responsibility, etc James L. Riggs, Lawrence Bethel
260 ## - PUBLICATION, DISTRIBUTION, ETC. (IMPRINT)
Place of publication, distribution, etc New York :
Name of publisher, distributor, etc McGraw-Hill,
Date of publication, distribution, etc 1980.
300 ## - PHYSICAL DESCRIPTION
Extent viii, 610 p. :
Dimensions 22 cm.
521 ## - TARGET AUDIENCE NOTE
Target audience note
650 ## - SUBJECT ADDED ENTRY--TOPICAL TERM
Topical term or geographic name as entry element Industrial organization
650 ## - SUBJECT ADDED ENTRY--TOPICAL TERM
Topical term or geographic name as entry element Industrial management
942 ## - ADDED ENTRY ELEMENTS (KOHA)
Koha item type Books
Source of classification or shelving scheme Library of Congress Classification
Call number prefix Local
Holdings
Withdrawn status Lost status Source of classification or shelving scheme Damaged status Home library Current library Shelving location Date acquired Source of acquisition Cost, normal purchase price Total Checkouts Full call number Barcode Date last seen Copy number Price effective from Koha item type
    Library of Congress Classification   Archives Archives   09/24/2009 Donation 148.00   HD 31 .B43 1980 C0911 05/15/2018 1 10/10/2013 Books

Industrial organization and management /

APA

Bethel L., . (1980). Industrial organization and management. New York: McGraw-Hill.

Chicago

Bethel Lawrence, . 1980. Industrial organization and management. New York: McGraw-Hill.

Harvard

Bethel L., . (1980). Industrial organization and management. New York: McGraw-Hill.

MLA

Bethel Lawrence, . Industrial organization and management. New York: McGraw-Hill. 1980.

  • Place hold
  • Print
  • Cite
  • Add to your cart (remove)
  • Save record
    BIBTEX Dublin Core MARCXML MARC (non-Unicode/MARC-8) MARC (Unicode/UTF-8) MARC (Unicode/UTF-8, Standard) MODS (XML) RIS
  • More searches
    Search for this title in:
    Other Libraries (WorldCat) Other Databases (Google Scholar) Online Stores (Bookfinder.com) Open Library (openlibrary.org)

Exporting to Dublin Core...

SOUTHVILLE LIBRARY

Southville International School and Colleges Library

1281 Tropical Ave. Cor. Luxembourg St., BF Homes International, Las Pinas City

Tel. No. 8256374 / 252358 Loc. 117/146

Powered by Koha